Instituciones censoras : nuevos acercamientos a la censura de libros en la España de la Ilustración /

Đã lưu trong:
Chi tiết về thư mục
Những tác giả chính: Durán López, Fernando (Tác giả, Biên tập viên), Pampliega Pedreira, Víctor (Tác giả), Velasco Moreno, Eva (Tác giả), Conde Naranjo, Esteban (Tác giả), Lorenzo Álvarez, Elena de (Tác giả)
Định dạng: Điện tử Sách
Ngôn ngữ:Tiếng Tây Ban Nha
Được phát hành: Madrid : Consejo Superior de Investigaciones Científicas, 2016.
Loạt:Biblioteca de historia (Madrid, Spain) ; 82.
Những chủ đề:
Truy cập trực tuyến:Digitalia Hispánica
Các nhãn: Thêm thẻ
Không có thẻ, Là người đầu tiên thẻ bản ghi này!

MARC

LEADER 00000nam a2200000Ii 4500
001 DIGCSIC0229
003 NyNyDIG
008 170310s2016 sp ob 001 0 spa d
006 m o d
007 cr |||||||||||
020 |a 9788400100667  |q (eBook) 
020 |a 8400100662  |q (eBook) 
020 |z 9788400100650 
020 |z 8400100654 
024 7 |a 723-16-050-7  |2 nipo 
024 7 |a 723-16-051-2  |2 e-nipo 
035 |a (OCoLC)979418071 
040 |a DGITA  |b eng  |e rda  |e pn  |c DGITA 
043 |a e-sp--- 
050 1 4 |a Z658.S7 eBook 
082 1 4 |a 002 
245 0 0 |a Instituciones censoras :  |b nuevos acercamientos a la censura de libros en la España de la Ilustración /  |c Fernando Durán López (coord.) ; Víctor Pampliega Pedreira, Eva Velasco Moreno, Esteban Conde Naranjo, Elena de Lorenzo Álvarez. 
246 3 0 |a Nuevos acercamientos a la censura de libros en la España de la Ilustración 
264 1 |a Madrid :  |b Consejo Superior de Investigaciones Científicas,  |c 2016. 
300 |a 1 online resource. 
336 |a text  |b txt  |2 rdacontent 
337 |a computer  |b c  |2 rdamedia 
338 |a online resource  |b cr  |2 rdacarrier 
490 1 |a Biblioteca de historia ;  |v 82 
504 |a Includes bibliographical references and index. 
505 0 |a "Empleo oscuro y penoso" : el trabajo del censor / por Víctor Pampliega Pedreira -- Regalías, traducciones y devociones indiscretas : una cala en la censura religiosa de libros a fines del XVIII / por Fernando Durán López -- Las censuras de la Real Academia de la Historia (1746-1772) / por Eva Velasco Moreno -- El Colegio de Abogados de Madrid, el censor obediente / por Esteban Conde Naranjo -- Notas sobre la actividad censora de la Real Academia Española en el siglo XVIII / por Elena de Lorenzo Álvarez. 
588 0 |a Online resource; title from PDF title page (Digitalia, viewed March 10, 2017) 
650 0 |a Censorship  |z Spain  |x History  |y 18th century. 
650 0 |a Prohibited books  |z Spain  |x History  |y 18th century. 
650 0 |a Enlightenment  |z Spain. 
655 0 |a Electronic books. 
700 1 |a Durán López, Fernando,  |e editor,  |e author. 
700 1 |a Pampliega Pedreira, Víctor,  |e author. 
700 1 |a Velasco Moreno, Eva,  |e author. 
700 1 |a Conde Naranjo, Esteban,  |e author. 
700 1 |a Lorenzo Álvarez, Elena de,  |e author. 
776 0 8 |i Print version:  |t Instituciones censoras.  |d Madrid : Consejo Superior de Investigaciones Científicas, 2016  |z 9788400100650  |w (OCoLC)951392273 
793 0 |g Digitalia eBook Collection:  |a Editorial CSIC 
791 2 |a Digitalia (Firm),  |e distributor. 
830 0 |a Biblioteca de historia (Madrid, Spain) ;  |v 82. 
856 4 0 |3 Digitalia Hispánica  |u https://digitalia.unach.elogim.com/a/42223/ 
910 |a Premium collection: 2017